000 00516nam a22001217a 4500
008 230609b xxu||||| |||| 00| 0 eng d
082 _a948.20
_bROB
100 _cPriscilla Robertson
245 _aRevolutions of 1848: A Social History
260 _aLondon
_bPrinceton University Press
_c1952
300 _aVII,464p 464p
942 _2ddc
_cBK
999 _c953
_d953